| 000 | 00471nam a2200169 a 4500 | ||
|---|---|---|---|
| 001 | 1826 | ||
| 003 | CDMR | ||
| 005 | 20130320100005.0 | ||
| 008 | 130130s1995||||||||||||||||||||||||||||d | ||
| 020 | _a8488645600 | ||
| 040 |
_aCDMR _bcat _cCPC LLEIDA |
||
| 245 | 0 | 2 |
_aL'empresa i el seu entorn _cEsteve Oroval i Planas, editor |
| 260 |
_aLleida _c1995 _bUniversitat de Lleida |
||
| 490 | 0 |
_aEconomia i empresa _v2 |
|
| 700 | 1 |
_9959 _aOroval Planas, Esteve _eed. |
|
| 942 |
_cMON _2udc |
||
| 999 |
_c1826 _d1826 |
||